| 000 | 01327nam a2200349 i 4500 | ||
|---|---|---|---|
| 001 | 198212 | ||
| 003 | ES-MaACL | ||
| 005 | 20260409183713.0 | ||
| 007 | ta | ||
| 008 | 260409s2009 sp a|||| |||| 001 0 spa d | ||
| 017 |
_aM 16297-2009 _bOficina Depósito Legal Madrid |
||
| 020 | _a978-84-206-8267-9 | ||
| 040 |
_aES-MaACL _bspa _cES-MaACL _erda |
||
| 080 | _a929-054.7(=1.460:72)"19":32 | ||
| 080 | _a327(460:72)"1939/45" | ||
| 100 | 1 |
_aMateos López, Abdón _4aut _978987 _eaut |
|
| 245 | 1 | 3 |
_aLa batalla de México : _bfinal de la Guerra Civil y ayuda a los refugiados 1939-1945 / _cAbdón Mateos |
| 264 | 1 |
_aMadrid : _bAlianza Editorial, _c2009 |
|
| 264 | 4 | _c©2009 | |
| 300 |
_a320 páginas : _bilustraciones (blanco y negro) ; _c23 cm |
||
| 336 |
_2rdacontent _aTexto |
||
| 337 |
_2rdamedia _asin mediación |
||
| 338 |
_2rdacarrier _avolumen |
||
| 500 | _aRegistro provisional | ||
| 504 | _aBibliografía: páginas 299 (página sin numerar)-314. Índices | ||
| 650 | 7 |
_aExiliados españoles- _zMéxico- _xActividad política _9145676 |
|
| 651 | 0 |
_aEspaña- _xRelaciones- _zMéxico- _y1939-1975 _9237680 |
|
| 852 |
_aES-MaACL _cDES _jDB-107 _hDonación: Manuel Guedán _xEncuadernación rústica con solapas _9207196 |
||
| 942 |
_cMONOGRAFIA _n0 |
||
| 999 |
_c198212 _d198212 |
||